Dark stories by dark artists
| Main Author: | |
|---|---|
| Format: | Book |
| Published: |
s.l. :
China Youth Press ,
2012
|
| Subjects: |
MARC
| LEADER | 00000cam a2200000 7i4500 | ||
|---|---|---|---|
| 001 | 0000176400 | ||
| 005 | 20140128.0 | ||
| 020 | |a 9781908175298 | ||
| 090 | 0 | 0 | |a 700.4164 |b NIE |
| 100 | 0 | |a Nie Youjia | |
| 245 | 1 | 0 | |a Dark stories by dark artists |c Nie Youjia |
| 260 | |a s.l. : |b China Youth Press , |c 2012 | ||
| 300 | |a 207p. ; |c 27cm. | ||
| 650 | 0 | 0 | |a Horror in art |
| 999 | |a 00290656 |b BUKU |c RUJUKAN |e PERPUSTAKAAN KOMUNITI PETALING JAYA | ||